| 000 | 00488nam a2200133Ia 4500 | ||
|---|---|---|---|
| 008 | 220615s9999||||xx |||||||||||||| ||und|| | ||
| 100 | _aArthus-Bertrand, Yann | ||
| 245 | 0 | _aOn Water (Volume 1) | |
| 546 | _aEnglish[eng] | ||
| 650 | _aBusiness & Economics||Finance | ||
| 700 | _aEuropean Investment Bank | ||
| 856 | _uhttps://library.oapen.org/bitstream/20.500.12657/47433/1/QH0319399ENN.en.pdf||https://library.oapen.org/bitstream/20.500.12657/47433/1/QH0319399ENN.en.pdf | ||
| 942 | _cEB | ||
| 999 |
_c15466 _d15466 |
||